000 00721nam a2200253Ia 4500
003 OSt
005 20221005062225.0
006 a|||||r|||| 00| 0
007 ta
008 221004b |||||||| |||| 00| 0 eng d
020 _a9780815358565 (pbk)
_cUKP 18.99
024 _a65221
037 _b9958, 19/12/2019, The Book Seller
_cTextual
040 _aCRL
_cCRL
_beng
041 _2eng
_aeng
082 _aR, Q8
100 _aCahn Steven M. Au.
_9601586
245 0 _aTeaching philosophy
260 _aLondon
_bRoutledge UK
_c2018
300 _axii,100p.
_ccm.
650 _aPHILOSOPHY
942 _hR, Q8
_cTEXL
_2cc
999 _c969385
_d969385